Troubling women : (Record no. 49907)
[ view plain ]
| 000 -LEADER | |
|---|---|
| fixed length control field | 01149nam a2200325 a 4500 |
| 001 - CONTROL NUMBER | |
| control field | 49907 |
| 003 - CONTROL NUMBER IDENTIFIER | |
| rucl marc code | BD-RjUL |
| 005 - DATE AND TIME OF LATEST TRANSACTION | |
| control field | 20211209075429.0 |
| 008 - FIXED-LENGTH DATA ELEMENTS--GENERAL INFORMATION | |
| fixed length control field | 160823s1999 enk b 001 0 eng |
| 020 ## - INTERNATIONAL STANDARD BOOK NUMBER | |
| International Standard Book Number | 033519480X (hbk) |
| International Standard Book Number | 0335194796 (pbk) |
| 035 ## - SYSTEM CONTROL NUMBER | |
| System control number | (BD-RjUL)50027 |
| 040 ## - CATALOGING SOURCE | |
| Original cataloging agency | DLC |
| Transcribing agency | DLC |
| Modifying agency | DLC |
| Language of cataloging | eng |
| 041 ## - LANGUAGE CODE | |
| Language code of text/sound track or separate title | eng |
| 082 00 - DEWEY DECIMAL CLASSIFICATION NUMBER | |
| Classification number | 371.20082 |
| Edition number | 23 |
| Author mark and year | BLT 1999 |
| 100 1# - MAIN ENTRY--PERSONAL NAME | |
| Personal name | Blackmore, Jill. |
| 9 (RLIN) | 149573 |
| 245 10 - TITLE STATEMENT | |
| Title | Troubling women : |
| Remainder of title | feminism, leadership and educational change / |
| Statement of responsibility, etc. | Jill Blackmore. |
| 260 ## - PUBLICATION, DISTRIBUTION, ETC. (IMPRINT) | |
| Place of publication, distribution, etc. | Buckingham : |
| Name of publisher, distributor, etc. | Open University Press, |
| Date of publication, distribution, etc. | 1999. |
| 300 ## - PHYSICAL DESCRIPTION | |
| Pagination | xiii, 242 p. ; |
| Size | 24 cm. |
| 490 ## - SERIES STATEMENT | |
| Series statement | Feminist educational thinking |
| 504 ## - BIBLIOGRAPHY, ETC. NOTE | |
| Bibliography, etc | Includes bibliographical references and index. |
| 650 #0 - SUBJECT ADDED ENTRY--TOPICAL TERM | |
| Topical term or geographic name as entry element | Feminism and education |
| Geographic subdivision | Australia. |
| 9 (RLIN) | 149574 |
| Topical term or geographic name as entry element | Women school administrators |
| Geographic subdivision | Australia. |
| 9 (RLIN) | 149575 |
| Topical term or geographic name as entry element | School management and organization |
| General subdivision | Social aspects |
| Geographic subdivision | Australia. |
| 9 (RLIN) | 149576 |
| Topical term or geographic name as entry element | Educational change |
| Geographic subdivision | Australia. |
| 9 (RLIN) | 149577 |
| Topical term or geographic name as entry element | Educational leadership |
| Geographic subdivision | Australia. |
| 9 (RLIN) | 149578 |
| 830 #0 - SERIES ADDED ENTRY--UNIFORM TITLE | |
| Uniform title | Feminist educational thinking |
| 942 ## - ADDED ENTRY ELEMENTS (KOHA) | |
| Source of classification or shelving scheme | Dewey Decimal Classification |
| Koha item type | Books |
| Lost status | Source of classification or shelving scheme | Damaged status | Not for loan | Collection code | Permanent Location | Current Location | Shelving location | Date acquired | Source of acquisition | Cost, normal purchase price | Total Checkouts | Full call number | Date last seen | Copy number | Koha item type |
|---|---|---|---|---|---|---|---|---|---|---|---|---|---|---|---|
| Dewey Decimal Classification | Non-fiction | Central Library, University of Rajshahi | Central Library, University of Rajshahi | 15/05/2006 | Paragon Enterprise Lit., Dhaka | 24.99 | 371.20082 BLT 1999 | 23/08/2016 | C-2 | Books | |||||
| Dewey Decimal Classification | Non-fiction | Central Library, University of Rajshahi | Central Library, University of Rajshahi | 15/05/2006 | Paragon Enterprise Lit., Dhaka | 24.99 | 371.20082 BLT 1999 | 23/08/2016 | C-3 | Books | |||||
| Dewey Decimal Classification | Non-fiction | Central Library, University of Rajshahi | Central Library, University of Rajshahi | Reading Room | 15/05/2006 | Paragon Enterprise Lit., Dhaka | 24.99 | 371.20082 BLT 1999 | 05/01/2017 | C-1 | Books |